000 00604nam a2200229Ia 4500
003 OSt
005 20221007071600.0
006 a|||||r|||| 00| 0
007 ta
008 221006b |||||||| |||| 00| 0 eng d
024 _a20,201
037 _cTextual
040 _aFLL
_cFLL
_beng
041 _2eng
_aeng
082 _aY, M0
100 _aBlalock H.M. Au.
_9689031
245 0 _aSociological theory and research
260 _aLondon
_bCollier macmillan publishers India
_c1980
300 _a448p
_ccm.
942 _hY, M0
_cTEXL
_2CC
999 _c1143727
_d1143727